How to organize yourself / (Record no. 358351)
[ view plain ]
| 000 -LEADER | |
|---|---|
| fixed length control field | 02698nam a22002417a 4500 |
| 003 - CONTROL NUMBER IDENTIFIER | |
| control field | SISC |
| 005 - DATE AND TIME OF LATEST TRANSACTION | |
| control field | 20180824154502.0 |
| 008 - FIXED-LENGTH DATA ELEMENTS--GENERAL INFORMATION | |
| fixed length control field | 180824b xxu||||| |||| 00| 0 eng d |
| 020 ## - INTERNATIONAL STANDARD BOOK NUMBER | |
| International Standard Book Number | 9780749475772 |
| 050 ## - LIBRARY OF CONGRESS CALL NUMBER | |
| Classification number | HD 69 .T54 |
| Item number | C39 2016 |
| 100 ## - MAIN ENTRY--PERSONAL NAME | |
| Personal name | Caunt, John |
| 245 ## - TITLE STATEMENT | |
| Title | How to organize yourself / |
| Statement of responsibility, etc | John Caunt |
| 250 ## - EDITION STATEMENT | |
| Edition statement | 5th edition |
| 260 ## - PUBLICATION, DISTRIBUTION, ETC. (IMPRINT) | |
| Place of publication, distribution, etc | London : |
| Name of publisher, distributor, etc | Kogan Page, |
| Date of publication, distribution, etc | 2016 |
| 300 ## - PHYSICAL DESCRIPTION | |
| Extent | vii,169 pages : |
| Other physical details | illustrations ; |
| Dimensions | 22 cm. |
| 440 ## - SERIES STATEMENT/ADDED ENTRY--TITLE | |
| Title | Creating success |
| 520 ## - SUMMARY, ETC. | |
| Summary, etc | "Many people find it hard to get on top of their workload. They constantly bounce from one task to another and struggle to prioritize, which can have a serious impact on productivity. How to Organize Yourself helps readers develop effective organizational skills and dramatically improve the way they work. It contains tips on how to determine goals, prioritize and manage time, overcome distractions, build positive work habits, focus on the things that produce results, avoid information overload, and make effective use of technology. New in this fifth edition is updated content covering technological and software advances and the ubiquitous presence of smart phones and tablets"-- Provided by publisher.<br/>"How to Organize Yourself will help you to dramatically improve the way you work. With great tips on how to determine your goals, prioritize your tasks and manage your time, it also includes practical advice on how to: focus on the things that produce results; overcome distractions; build positive work habits; avoid information overload and make effective use of technology. Now in its fifth edition, new content covers the latest software advances that can help you get organized, how to deal with the ubiquitous presence of smartphones and how to adapt to the ever increasing scope for interruption and procrastination in our 24/7 lives. How to Organize Yourself will enable you to take control of your workload, reduce stress and fatigue, and free up time for the things that really matter. The creating success series of books... With over one million copies sold, the hugely popular Creating Success series covers a wide variety of topics and is written by an expert team of internationally best-selling authors and business experts. This indispensable business skills collection is packed with new features, practical content and inspiring guidance for readers across all stages of their careers"-- Provided by publisher. |
| 650 ## - SUBJECT ADDED ENTRY--TOPICAL TERM | |
| Source of heading or term | Library of Congress Subject Headings |
| Topical term or geographic name as entry element | Time management |
| 650 ## - SUBJECT ADDED ENTRY--TOPICAL TERM | |
| Source of heading or term | Library of Congress Subject Headigns |
| Topical term or geographic name as entry element | Personal information management |
| 650 ## - SUBJECT ADDED ENTRY--TOPICAL TERM | |
| Source of heading or term | Library of Congress Subject Headings |
| Topical term or geographic name as entry element | Life skills |
| 942 ## - ADDED ENTRY ELEMENTS (KOHA) | |
| Source of classification or shelving scheme | Library of Congress Classification |
| Koha item type | Books |
| Withdrawn status | Lost status | Source of classification or shelving scheme | Damaged status | Home library | Current library | Shelving location | Date acquired | Source of acquisition | Sub Shelving location | Total Checkouts | Full call number | Barcode | Date last seen | Date checked out | Price effective from | Koha item type | Public note |
|---|---|---|---|---|---|---|---|---|---|---|---|---|---|---|---|---|---|
| Library of Congress Classification | Luxembourg Library | Luxembourg Library | High School Section | 08/24/2018 | Donation | 1 | HD 69 .T54 C39 2016 | 20535 | 02/21/2020 | 02/13/2020 | 08/24/2018 | Books | Be amazing. Be Southville! |